30 Biggest cities in North Carolina - Statistics

General Stats
  • This quiz has been taken 233 times
  • The average score is 16 of 30
Answer Stats
Population Answer % Correct
842051 Charlotte
99%
458880 Raleigh
96%
263016 Durham
93%
287027 Greensboro
92%
117523 Wilmington
89%
242203 Winston-Salem
89%
204759 Fayetteville
76%
162320 Cary
75%
59246 Chapel Hill
70%
111223 High Point
69%
91495 Greenville
68%
89891 Concord
57%
75536 Gastonia
54%
52709 Burlington
51%
89121 Asheville
47%
55466 Rocky Mount
47%
40567 Hickory
46%
67784 Jacksonville
46%
47839 Kannapolis
46%
49642 Wilson
38%
47349 Apex
37%
35792 Goldsboro
34%
54839 Huntersville
33%
40112 Wake Forest
28%
34001 Salisbury
27%
36543 Mooresville
25%
31495 Matthews
24%
34818 Monroe
20%
38222 Indian Trail
15%
33260 Hope Springs
1%
No matching quizzes found
Score Distribution
Percent of People with Each Score
Percentile by Number Answered
Your Score History
You have not taken this quiz